Principles of economics. (Record no. 1414)

MARC details
000 -LEADER
fixed length control field 00476cam a2200193ua 4500
001 - CONTROL NUMBER
control field 1525
005 - DATE AND TIME OF LATEST TRANSACTION
control field 20260515113339.0
008 - FIXED-LENGTH DATA ELEMENTS--GENERAL INFORMATION
fixed length control field 110711n ii |||gr||||Z||||||eng
040 ## - CATALOGING SOURCE
Transcribing agency MAIN
082 ## - DEWEY DECIMAL CLASSIFICATION NUMBER
Classification number 330.01
100 12 - MAIN ENTRY--PERSONAL NAME
Personal name Marshal, Alfred.,
245 1# - TITLE STATEMENT
Title Principles of economics.
Statement of responsibility, etc. By Alfred Marshal.
250 ## - EDITION STATEMENT
Edition statement 8th.
260 ## - PUBLICATION, DISTRIBUTION, ETC.
Place of publication, distribution, etc. London:
Name of publisher, distributor, etc. Mcmillan.,962.
300 ## - PHYSICAL DESCRIPTION
Extent xxxii, 731 p.:
Dimensions 23 cm.
653 ## - INDEX TERM--UNCONTROLLED
Uncontrolled term Economics.
653 ## - INDEX TERM--UNCONTROLLED
Uncontrolled term Principles of economics.
942 ## - ADDED ENTRY ELEMENTS (KOHA)
Koha item type Books
Holdings
Withdrawn status Lost status Damaged status Not for loan Home library Current library Shelving location Date acquired Total checkouts Full call number Barcode Date last seen Copy number Price effective from Koha item type
        Naharkatiya College Library Naharkatiya College Library General stacks 09/19/2020   330.01 | MAR 1749 09/19/2020 1 09/19/2020 Books